Quizzes
Events
Quiz Creation
Community
Videos
Private Events
Remove Ads
Sign In
Join for FREE
Feedback
Dark Mode
Quiz Categories
Sports
Geography
Music
Movies
Television
Just For Fun
Miscellaneous
History
Literature
Language
Science
Gaming
Entertainment
Religion
Holiday
For Kids
Quiz Lab
Recent
Popular Today
Quiz Kudos Today
Editor Picks
Curator Picks
Quizzes by...
Day
Popularity
Type
Ratings
Length
Year
Community
Subscriptions
Recent Discussions
Orange Saloon
Badges
Playlists
Quests
Create
Leaderboards
Showdown
Live 5
Trivia Bingo
Activity
Puzzle Library
Sporcle Events
Private Events
Virtual Trivia
Globe League
Become a Host
Pub Owners
SporcleCon
Opinionation
Our Games
Videos
Blog
Mobile Apps
Partnerships
Remove Ads and Go Orange
Feedback
Music
Pop Music
The Beatles
Song
Album
Lyrics
Bands
Singers
Artist
Clip
Rock
Rap
Classical
Billboard
Country Music
Kpop
Taylor Swift
Music
Pop Music
The Beatles
Song
Album
Lyrics
Bands
Singers
Artist
Clip
Rock
Rap
Classical
Billboard
Country Music
Kpop
Taylor Swift
Random Quiz
Search Sporcle
×
Quiz Lab
Quiz Lab
Music
Lyrics
Type in answers that appear in a list
Type in answers that appear in a list
Classic
Best Score? Go Orange.
Guess the Lyrics to Another Song Stats
Can you name the Guess the Lyrics to this modern song?
By
ltbricks
18m
200 Questions
624 Plays
624 Plays
624 Plays
Comments
Comments
Give Quiz Kudos
Give Quiz Kudos
-
- Ratings
hide this ad
More Info
Replay
Link that replays current quiz
Next Quiz
Link to next quiz in quiz playlist
You Got
0%
They Got
Avg Score
46%
Avg Friend Score
Upgrade to see
Score Distribution
Jump to the score distribution portion of the page
Score
0/200
Timer
18:00
0
Plays Today
% Correct
gonna
98.9%
a
98.2%
A
98.2%
the
98.2%
the
98.2%
and
98.2%
And
98.2%
the
98.2%
the
98.2%
The
98.2%
And
98.2%
And
98.2%
the
98.2%
And
98.2%
the
98.2%
the
98.2%
the
98.2%
the
98.2%
the
98.2%
the
98.2%
the
98.2%
and
98.2%
the
98.2%
a
98.2%
a
98.2%
I'll
95.3%
I've
95.2%
I
95%
I
95%
I
95%
I
95%
I
95%
I'd
95%
you're
90.8%
you're
90.8%
you're
90.8%
you're
90.8%
You
88.7%
you
88.7%
you
88.7%
you
88.7%
you
88.7%
you
88.7%
you.
88.7%
you
88.7%
me
77.9%
me
77.9%
me
77.9%
being
76.8%
be
76.8%
be
76.8%
it's
75%
to
74.7%
to
74.7%
to
74.7%
to
74.7%
There's
74.6%
there's
74.6%
on
69.2%
in
68%
in
68%
in
68%
In
68%
in
68%
in
68%
no
65.7%
it
65.4%
% Correct
does
65.4%
it
65.4%
It
65.4%
it
65.4%
is
65.1%
my
60.9%
My
60.9%
my
60.9%
my
60.9%
my
60.9%
where
58.9%
of
58.6%
of
58.6%
of
58.6%
of
58.6%
your
57%
your
57%
your
57%
They'd
56.8%
what
55.7%
didn't
55.4%
If
54.9%
if
54.9%
if
54.9%
if
54.9%
that
53.8%
see
53.3%
how
52.7%
there.
51.5%
not
50.6%
hear
48.1%
like
46.9%
Will
45.9%
with
42.4%
with
42.4%
As
40.6%
as
40.6%
heart
39.3%
just
37.8%
told
37.2%
But
36.6%
Am
35.7%
never
35.3%
would
34.9%
now
34.6%
day
34%
by
32.7%
tell
32.4%
tell
32.4%
tell
32.4%
them
29.8%
them
29.8%
their
29.1%
their
29.1%
did
28.5%
meet
25.6%
meet
25.6%
feels?
24.6%
showed
23.7%
come
23.3%
eyes
21.9%
things
21.4%
eyelids
20.8%
away
20.6%
away
20.6%
dream
20.3%
reel?
19.6%
% Correct
after
18.7%
voice
18.5%
run
17.9%
true
15.8%
true
15.8%
everything
15.8%
face.
15%
breaks.
14.8%
stolen
14.3%
stole
14.3%
truth
13.8%
better
12.1%
hopes
11.8%
might
11.1%
reason
10.1%
fire
9.5%
tomorrow
9.3%
touched
8.4%
beside
6.4%
hiding
6.4%
threatning
6.3%
laughter
5.2%
screaming
4.8%
fast.
4.7%
ring
4.3%
future
4.3%
allowed
4.2%
box
4%
welcome
4%
book
4%
shared
3.9%
followed
3.9%
heal
3.7%
photo
3.7%
depends
3.5%
matches.
3.4%
questions
3.2%
cast.
3.2%
silences.
3.2%
poke
3.2%
prefer.
3.1%
rolls
3.1%
mark
3.1%
stir.
2.7%
soup.
2.7%
reveals
2.6%
thud?
2.6%
crowd
2.6%
booth
2.6%
liar!
2.6%
smacked
2.6%
burden
2.4%
splashing
2.4%
request
2.4%
teasing
2.4%
temples
2.4%
excitement
2.3%
jostling
2.3%
prying
2.3%
continually
2.3%
snapping
2.1%
pack
2.1%
concentration
2.1%
explanation.
1.9%
enquire.
1.8%
sharpened
1.4%
Quiz Playlist
Details
Report
Send in Message
Add To Playlist
More Info:
A bit difficult
Classic:
Type in answers that appear in a list
Last Updated: Feb 16, 2017
Quiz Scoreboard
CHALLENGE
Sign Up to Join the Scoreboard
Show All
Scores
Hide
Comments
May contain spoilers
Recently Published
TV Characters by Other Roles V
by ghcgh
Television
5m
Decade Duel: World Leaders
by jenniferyan
History
4m
Alphabetical 'K' Countries by Flag Minefield
by ylime102
Geography
3m
More to Explore
Quiz From the Vault
Featured Blog Post
15 Basketball Trivia Facts You Can Be March Mad About
hide this ad
You Might Also Like...
Tags
Lyrics Quiz
Song Quiz
Another
Modern
Today's Top Quizzes in Music
Browse Music
hide this ad
Today's Top Quizzes in Lyrics
Browse Lyrics
Top Contributed Quizzes in Music
1
Taylor Swift All Songs (2024)
2
Decade Duel: Singer
3
Taylor Swift Logic Puzzle
4
KPOP LOGIC QUIZ
5
Guess The Taylor Swift Lyrics Song #1
6
Guess the Taylor Swift song (Mystery Song)
7
A Taylor Swift Logic Puzzle
8
2 word kpop group match
9
Madness Songs By Image
10
kpop group name match up
Explore More
Trending Topics
Marvel
Kpop
Harry Potter
Disney
Crossword
NBA
Anime
WWE
Song
NFL
Soccer
Country
Puzzle
The Office
Pokémon
hide this ad
More By:
ltbricks
Quiz
Plays
Rating
Category
Featured
Created
MLB: 300-3000 Clubs
47,709
4.53
Sports
Aug 9, 2010
NBA Top 5 Picks (Clickable)
9,342
4.55
Sports
Apr 27, 2012
Arcade Fire or Radiohead? A speed challenge.
7,726
3.79
Music
Apr 9, 2011
Figure out the lyrics to the Song
2,239
3.19
Music
Jun 5, 2010
Guess the Arcade Fire lyrics (Easy)
1,610
4.87
Music
Mar 7, 2011
Go to Creator's Profile
Score Distribution
Quiz Creator Spotlight
ltbricks
Follow
Send a Message
Quizzes Created
-
Created Quiz Play Count
-
More By This Creator
Popular Quizzes Today
1
Countries of Asia Without Outlines Minefield
2
Find the US States - No Outlines Minefield
3
Pick 6: Fruits
4
The Countries of the World
5
Find the Countries of Europe - No Outlines Minefield
6
Alphabetical 'K' Countries by Flag Minefield
7
Find the US States
8
US States
More Music Quizzes
Songs in A Major (clips)
Quiz Lab
Trending Quizzes
Pick 6: Mountains
Pick 6: Harry Potter
Pick 6: NFL Teams
Pick 6: Flags
C Names for Actors
Recently Updated
Adaptations: Name the Title
pecheneg
NWSL Teams
pecheneg
Women's Final Four Teams by Year
bhenderson79
Presidents Quartet II
eogle
Anything But Clue(do)
eogle
Anything But Oceanian Capitals
eogle
Anything But 7
eogle
Anything But Thing
eogle
Word Ladder: February 29
pecheneg
Song Title Questions
pecheneg
Trending Topics
NBA
Kpop
Crossword
Anime
Marvel
Harry Potter
Disney
Soccer
Country
The Office
Song
WWE
NFL
Puzzle
Pokémon
Your Account Isn't Verified!
In order to create a playlist on Sporcle, you need to verify the email address you used during registration. Go to your
Sporcle Settings
to finish the process.
Report this User
Report this user for behavior that violates our
Community Guidelines
.
Details:
Send Report
Go to the Sporcle.com Mobile Site →
Comments